L'Homme de chair (notice n° 1771681)
[ vue normale ]
| 000 -LEADER | |
|---|---|
| fixed length control field | 01642cam a2200133 4500500 |
| 005 - DATE AND TIME OF LATEST TRANSACTION | |
| control field | 20260322012321.0 |
| 041 ## - LANGUAGE CODE | |
| Language code of text/sound track or separate title | fre |
| 042 ## - AUTHENTICATION CODE | |
| Authentication code | dc |
| 100 10 - MAIN ENTRY--PERSONAL NAME | |
| Personal name | Fardeau, Michel |
| Relator term | author |
| 245 00 - TITLE STATEMENT | |
| Title | L'Homme de chair |
| 260 ## - PUBLICATION, DISTRIBUTION, ETC. | |
| Name of publisher, distributor, etc. | Odile Jacob,<br/> |
| Date of publication, distribution, etc. | 2005.<br/> |
| 520 ## - SUMMARY, ETC. | |
| Summary, etc. | Le cerveau est-il fait pour penser ? Et notre chair, serait-elle faite uniquement pour plaire ? Et si notre cerveau était fait pour animer notre chair ? Pour tendre et détendre nos muscles, pour ainsi visiter le monde ? Nous mangeons, c’est affaire de muscle. Nous respirons, c’est encore affaire de muscle. Notre sang circule dans nos veines, c’est toujours affaire de muscle. Nous travaillons, nous écrivons, nous bâtissons, nous parlons avec nos muscles. Dans ce livre, Michel Fardeau nous raconte et nous explique tout ce que nous avons appris sur nos muscles. Sur leur constitution. Sur leur fonctionnement. Et surtout sur leur subtile pénétration par les terminaisons nerveuses qui leur donnent vie, mouvement, force et résistance. Et comment ces connaissances nous mettent sur la voie d’une meilleure compréhension et d’une guérison possible de ces terribles maladies qu’engendrent les ratés de cette belle machinerie, les myopathies. Michel Fardeau, directeur de recherche émérite au CNRS, et professeur honoraire au CNAM, a dirigé, depuis sa création par l’Association française contre les myopathies, l’Institut de myologie à l’hôpital La Pitié-Salpêtrière. Il est membre correspondant de l’Académie des sciences. |
| 856 41 - ELECTRONIC LOCATION AND ACCESS | |
| Uniform Resource Identifier | <a href="https://stm.cairn.info/l-homme-de-chair--9782738114075?lang=fr&redirect-ssocas=7080">https://stm.cairn.info/l-homme-de-chair--9782738114075?lang=fr&redirect-ssocas=7080</a> |
Pas d'exemplaire disponible.




Réseaux sociaux